Sinh thái và môi trường

Đã lưu trong:
書目詳細資料
主要作者: Nguyễn, Thị Vân Hà
格式: 圖書
語言:Undetermined
出版: Tp.HCM Đại học quốc gia Tp.HCM 2008
主題:
在線閱讀:http://lrc.tdmu.edu.vn/opac/search/detail.asp?aID=2&ID=3395
標簽: 添加標簽
沒有標簽, 成為第一個標記此記錄!
Thư viện lưu trữ: Trung tâm Học liệu Trường Đại học Thủ Dầu Một
LEADER 00604nam a2200193Ia 4500
001 TDMU_3395
008 210410s9999 xx 000 0 und d
082 |a 577.5 
090 |b NG527 
100 |a Nguyễn, Thị Vân Hà 
245 0 |a Sinh thái và môi trường 
245 0 |c Nguyễn Thị Vân Hà 
260 |a Tp.HCM 
260 |b Đại học quốc gia Tp.HCM 
260 |c 2008 
300 |a 183tr. 
650 |a Hệ sinh thái 
856 |u http://lrc.tdmu.edu.vn/opac/search/detail.asp?aID=2&ID=3395 
980 |a Trung tâm Học liệu Trường Đại học Thủ Dầu Một